Normal view
MARC view
- Patterson, Davide A
Entry Personal Name
001 - CONTROL NUMBER
- control field: 112714
003 - CONTROL NUMBER IDENTIFIER
- control field: NUST
005 - DATE AND TIME OF LATEST TRANSACTION
- control field: 20230526153854.0
008 - FIXED-LENGTH DATA ELEMENTS
- fixed length control field: 230526|| aca||aabn | a|a d
040 ## - CATALOGING SOURCE
- Original cataloging agency: NUST
- Transcribing agency: NUST
100 ## - HEADING--PERSONAL NAME
- Personal name: Patterson, Davide A
670 ## - SOURCE DATA FOUND
- Source citation: Work cat.: (NUST): Patterson, Davide A, Computer organization & the hardware / Software Interface /, 1994
